Southville International School and Colleges
Your cart is empty.
  • Cart
  • Lists
    Public lists Eva Luna New books Lux_list list_1
    Your lists Log in to create your own lists
  • Log in to your account
  • Your cookies
  • Search history
Southville International School and Colleges
  • Advanced search
  • Recent comments
  • Most popular
  • Libraries

Log in to your account

Log in with GOOGLE


If you do not have an external account, but do have a local account, you can still log in:

  1. Home
  2. MARC view: Auditing theory :
Normal view MARC view ISBD view

Auditing theory : (Record no. 363490)

[ view plain ]
MARC details
000 -LEADER
fixed length control field 00756nam a22001817a 4500
003 - CONTROL NUMBER IDENTIFIER
control field SISC
005 - DATE AND TIME OF LATEST TRANSACTION
control field 20200619102435.0
008 - FIXED-LENGTH DATA ELEMENTS--GENERAL INFORMATION
fixed length control field 200619b xxu||||| |||| 00| 0 eng d
020 ## - INTERNATIONAL STANDARD BOOK NUMBER
International Standard Book Number 9786214160211
050 ## - LIBRARY OF CONGRESS CALL NUMBER
Classification number HF 5667 .C117 2017
100 ## - MAIN ENTRY--PERSONAL NAME
Personal name Cabrera, Ma. Elenita Balatbat.
245 ## - TITLE STATEMENT
Title Auditing theory :
Remainder of title public accountancy : code of ethics for professional accountants (effective april 6, 2016) : assurance and non-assurance services: concepts, principles and rules /
Statement of responsibility, etc Ma. Elenita B. Cabrera, Gilbert Anthony B. Cabrera.--
250 ## - EDITION STATEMENT
Edition statement 2017 ed.
260 ## - PUBLICATION, DISTRIBUTION, ETC. (IMPRINT)
Place of publication, distribution, etc Manila :
Name of publisher, distributor, etc GIC Enterprises & Co., Inc.
Date of publication, distribution, etc 2017.
300 ## - PHYSICAL DESCRIPTION
Extent xvii , 1133 pages :
Other physical details illustrations :
Dimensions 29 cm.
650 ## - SUBJECT ADDED ENTRY--TOPICAL TERM
Source of heading or term Library of Congress Subject Headings
Topical term or geographic name as entry element Auditing
942 ## - ADDED ENTRY ELEMENTS (KOHA)
Source of classification or shelving scheme Library of Congress Classification
Koha item type Books

No items available.

Auditing theory :

APA

Cabrera M. E. B., . (2017). Auditing theory. Manila: GIC Enterprises & Co., Inc.

Chicago

Cabrera Ma Elenita Balatbat, . 2017. Auditing theory. Manila: GIC Enterprises & Co., Inc.

Harvard

Cabrera M. E. B., . (2017). Auditing theory. Manila: GIC Enterprises & Co., Inc.

MLA

Cabrera Ma Elenita Balatbat, . Auditing theory. Manila: GIC Enterprises & Co., Inc. 2017.

  • Print
  • Cite
  • Add to your cart (remove)
  • Save record
    BIBTEX Dublin Core MARCXML MARC (non-Unicode/MARC-8) MARC (Unicode/UTF-8) MARC (Unicode/UTF-8, Standard) MODS (XML) RIS
  • More searches
    Search for this title in:
    Other Libraries (WorldCat) Other Databases (Google Scholar) Online Stores (Bookfinder.com) Open Library (openlibrary.org)

Exporting to Dublin Core...

SOUTHVILLE LIBRARY

Southville International School and Colleges Library

1281 Tropical Ave. Cor. Luxembourg St., BF Homes International, Las Pinas City

Tel. No. 8256374 / 252358 Loc. 117/146

Powered by Koha